Ročná správa 2005 Slovenská asociácia poisťovní

Salvato in:
Dettagli Bibliografici
Natura: Libro
Lingua:slovacco
Pubblicazione: Bratislava Slovenská asociácia poisťovní 2006
Soggetti:
Tags: Aggiungi Tag
Nessun Tag, puoi essere il primo ad aggiungerne!!

MARC

LEADER 00000nam$a2200000$$$4500
001 0053413
005 20240318125827.6
041 0 |a slo 
044 |a SK 
245 1 0 |a Ročná správa 2005  |b Slovenská asociácia poisťovní 
264 1 |a Bratislava  |b Slovenská asociácia poisťovní  |c 2006 
300 |a 63 s. 
610 2 0 |a poisťovne 
610 2 0 |a poisťovníctvo 
610 2 0 |a trh poistný 
610 2 0 |a vývoj 
610 2 0 |a štruktúra organizačná 
610 2 0 |a adresáre 
610 2 0 |a Slovensko 
610 2 0 |a Slovenská asociácia poisťovní 
610 2 0 |a 2005